Vista normal
Vista MARC
Entrada Corporate Name
Número de registros utilizados en: 1
001 - CONTROL NUMBER
- control field: 11858
003 - CONTROL NUMBER IDENTIFIER
- control field: OSt
005 - DATE AND TIME OF LATEST TRANSACTION
- control field: 20201022170957.0
008 - FIXED-LENGTH DATA ELEMENTS
- fixed length control field: 201022|| aca||aabn | a|a d
040 ## - CATALOGING SOURCE
- Original cataloging agency: OSt
- Transcribing agency: OSt
110 ## - HEADING--CORPORATE NAME
- Corporate name or jurisdiction name as entry element: Fundación Cerrejón para el Fortalecimiento Institucional de la Guajira
670 ## - SOURCE DATA FOUND
- Source citation: Work cat.: (OSt)6290: 10912, El departamento de la Guajira : , 2010